Vista normal
Vista MARC
Entrada Topical Term
Número de registros utilizados en: 1
001 - CONTROL NUMBER
- control field: 6058
003 - CONTROL NUMBER IDENTIFIER
- control field: OSt
005 - DATE AND TIME OF LATEST TRANSACTION
- control field: 20200623165021.0
008 - FIXED-LENGTH DATA ELEMENTS
- fixed length control field: 200623|| aca||aabn | a|a d
040 ## - CATALOGING SOURCE
- Original cataloging agency: OSt
- Transcribing agency: OSt
150 ## - HEADING--TOPICAL TERM
- Topical term or geographic name entry element: Protección del medio ambiente
670 ## - SOURCE DATA FOUND
- Source citation: Work cat.: (OSt)4176: Preciado Beltrán, Jair, autor 6057, Historia ambiental de Bogotá siglo XX : , 2005